[Event "Lichtenrader Herbst 2016"]
[Site "Berlin-Lichtenrade"]
[Date "2016.10.28"]
[Round "7.28"]
[White "Bolk, Matthias"]
[Black "Lange, Cecilia"]
[Result "1/2-1/2"]
[WhiteElo "2078"]
[BlackElo "1854"]
[PlyCount "64"]
[EventDate "2016.??.??"]
[WhiteTeam "SC Kreuzberg e.V."]
[BlackTeam "TSG Oberschöneweide"]

1. e4 e6 2. d4 d5 3. e5 c5 4. c3 Nc6 5. Nf3 Bd7 6. Be2 Nge7 7. O-O Nf5 8. g4
Nh4 9. Nxh4 Qxh4 10. Be3 cxd4 11. cxd4 Be7 12. f4 O-O 13. Nc3 f6 14. exf6 Qxf6
15. Qd2 Rac8 16. Rae1 Be8 17. f5 Qf7 18. Bf3 Bd7 19. fxe6 Bxe6 20. Bxd5 Qg6 21.
Rxf8+ Rxf8 22. Bxe6+ Qxe6 23. d5 Qxg4+ 24. Qg2 Ne5 25. Qxg4 Nxg4 26. Bxa7 Bd6
27. h3 Ne5 28. Re2 Nf3+ 29. Kg2 Nh4+ 30. Kg1 Nf3+ 31. Kg2 Nh4+ 32. Kg1 Nf3+
1/2-1/2

[Event "Lichtenrader Herbst 2016"]
[Site "Berlin-Lichtenrade"]
[Date "2016.10.28"]
[Round "7.29"]
[White "Schmidt, Juergen"]
[Black "Greiser, Christian"]
[Result "1-0"]
[WhiteElo "1953"]
[BlackElo "2033"]
[PlyCount "39"]
[EventDate "2016.??.??"]
[WhiteTeam "SC Kreuzberg"]
[BlackTeam "SC Weisse Dame (Berlin)"]

1. e4 Nf6 2. e5 Nd5 3. d4 d6 4. Nf3 Bg4 5. Be2 e6 6. O-O Be7 7. Nc3 Nxc3 8.
bxc3 O-O 9. Rb1 b6 10. c4 Nd7 11. h3 Bh5 12. Nh2 Bxe2 13. Qxe2 dxe5 14. dxe5
Bc5 15. Rb3 Re8 16. Rg3 Kh8 17. Nf3 f5 18. exf6 Qxf6 19. Ng5 Re7 20. Qe4 1-0

[Event "Lichtenrader Herbst 2016"]
[Site "Berlin-Lichtenrade"]
[Date "2016.10.28"]
[Round "7.30"]
[White "Triebus, Bruno"]
[Black "Starke, Rene-Reiner"]
[Result "1-0"]
[WhiteElo "1969"]
[BlackElo "1937"]
[PlyCount "77"]
[EventDate "2016.??.??"]
[WhiteTeam "SC Schwarz-Weiß Lichtenrade e.V."]
[BlackTeam "SW Lichtenrade"]

1. e4 c6 2. d4 d5 3. e5 Bf5 4. h4 h5 5. c4 e6 6. Nc3 Ne7 7. Bg5 dxc4 8. Bxc4
Nd7 9. Nge2 f6 10. exf6 gxf6 11. Bf4 Nb6 12. Bd3 Bxd3 13. Qxd3 Nbd5 14. Ne4 Nf5
15. N4g3 Nxf4 16. Nxf4 Qxd4 17. Qxd4 Nxd4 18. O-O-O e5 19. Nfxh5 Kf7 20. f4 Bd6
21. Ne4 Rxh5 22. Nxd6+ Ke7 23. g4 Rhh8 24. fxe5 fxe5 25. Ne4 Rad8 26. Rd2 Nf3
27. Rxd8 Kxd8 28. h5 Ke7 29. g5 Nd4 30. g6 Nf5 31. Ng5 Nh6 32. Nh7 Rd8 33. Rf1
Rg8 34. Rf6 c5 35. g7 Ng4 36. Rg6 Ne3 37. Nf6 Kf7 38. Nxg8 Kxg8 39. h6 1-0

[Event "Lichtenrader Herbst 2016"]
[Site "Berlin-Lichtenrade"]
[Date "2016.10.28"]
[Round "7.33"]
[White "Pesola, Jyrki"]
[Black "Baranowsky, Peter"]
[Result "1-0"]
[WhiteElo "1934"]
[BlackElo "1929"]
[PlyCount "65"]
[EventDate "2016.??.??"]
[BlackTeam "SF 1903 Berlin"]

1. e4 c5 2. Nf3 d6 3. d4 cxd4 4. Nxd4 Nf6 5. Nc3 a6 6. Bg5 e6 7. f4 Nbd7 8. Qf3
Be7 9. O-O-O Qc7 10. g4 b5 11. Bxf6 gxf6 12. Bd3 Bb7 13. f5 b4 14. fxe6 Ne5 15.
exf7+ Kxf7 16. Qf5 bxc3 17. Qh5+ Ng6 18. Rhf1 cxb2+ 19. Kb1 Qc5 20. Nf5 Ke8 21.
e5 Bd5 22. c4 Bf7 23. exd6 Ne5 24. Ng7+ Kf8 25. Qh6 Kg8 26. dxe7 Qxe7 27. Nf5
Qf8 28. Qxf6 Re8 29. Nh6+ Qxh6 30. Qxh6 Nxd3 31. Rxf7 Kxf7 32. Rf1+ Ke7 33.
Qe3+ 1-0

[Event "Lichtenrader Herbst 2016"]
[Site "Berlin-Lichtenrade"]
[Date "2016.10.28"]
[Round "7.70"]
[White "Hesse, Henrik"]
[Black "Dukaczewski, Piotr"]
[Result "0-1"]
[WhiteElo "1975"]
[BlackElo "2201"]
[PlyCount "64"]
[EventDate "2016.??.??"]
[WhiteTeam "SV Mattnetz Berlin e.V."]
[BlackTeam "Hetman Warszawa"]

1. c4 e5 2. g3 Nc6 3. Bg2 d6 4. Nc3 Be6 5. d3 g6 6. Nf3 Bg7 7. O-O h6 8. Rb1 f5
9. Nd2 Nf6 10. Nd5 O-O 11. b4 Qd7 12. b5 Nd8 13. Ba3 Ne8 14. e3 c6 15. bxc6
bxc6 16. Qa4 Rc8 17. Nb4 Rf7 18. f4 Nf6 19. fxe5 dxe5 20. Nb3 Bf8 21. Rfd1 Ng4
22. Nc2 f4 23. exf4 exf4 24. gxf4 Rxf4 25. Rf1 Qc7 26. Rxf4 Qxf4 27. Qxa7 Qxh2+
28. Kf1 Qf4+ 29. Kg1 c5 30. Bxc5 Bxc5+ 31. Nxc5 Qf2+ 32. Kh1 Rxc5 0-1

[Event "Lichtenrader Herbst 2016"]
[Site "Berlin-Lichtenrade"]
[Date "2016.10.28"]
[Round "7.71"]
[White "Zschaebitz, Klaus"]
[Black "Mackowiak, Marek"]
[Result "1-0"]
[WhiteElo "2063"]
[BlackElo "2165"]
[PlyCount "189"]
[EventDate "2016.??.??"]
[WhiteTeam "BSG 1827 Eckbauer e.V."]
[BlackTeam "Cross Warszawa"]

1. c4 e5 2. g3 Nc6 3. Nc3 g6 4. Bg2 Bg7 5. e4 d6 6. d3 Nge7 7. Nge2 O-O 8. O-O
Bd7 9. Be3 Qc8 10. Nd5 Rb8 11. Nxe7+ Nxe7 12. Bxa7 Ra8 13. Be3 c5 14. Qd2 b5
15. cxb5 Bxb5 16. Nc3 Qa6 17. Rfd1 Rfb8 18. Bf1 Nc6 19. a4 Bxa4 20. Rxa4 Qb7
21. Rxa8 Rxa8 22. Nd5 Rb8 23. Ra1 h5 24. h4 Kh7 25. Kg2 f5 26. Bg5 Rf8 27. Be2
Rf7 28. Ra4 Qb5 29. Bd1 Nd4 30. Ra8 c4 31. Ba4 Qb7 32. Ra5 cxd3 33. Qxd3 Qxb2
34. Be3 fxe4 35. Qxe4 Nf3 36. Be8 Nd2 37. Qd3 Nf3 38. Qd1 Rf8 39. Ra7 e4 40.
Re7 Ne5 41. Qd2 Qb1 42. Bh6 Nf3 43. Qc1 Ne1+ 44. Kh3 Qxc1 45. Bxc1 Rxf2 46. Be3
Rf1 47. Kh2 Rf5 48. Nf4 Rf6 49. Rxe4 Nf3+ 50. Kg2 Ne5 51. Nh3 Rf8 52. Ng5+ Kh8
53. Ba4 Rb8 54. Bd4 Rb7 55. Bc3 Rc7 56. Bd2 Ra7 57. Rb4 Bf6 58. Ne4 Be7 59. Bb3
Kh7 60. Be3 Rc7 61. Ng5+ Bxg5 62. Bxg5 Kg7 63. Rb8 Rd7 64. Bd5 Rc7 65. Rb7 Rxb7
66. Bxb7 Kf7 67. Bd5+ Ke8 68. Be6 Kf8 69. Kf2 Nd3+ 70. Ke3 Nc5 71. Bd5 Nd7 72.
Kd4 Ne5 73. Bf4 Ng4 74. Bxd6+ Kg7 75. Bb3 Kf6 76. Bf4 Kg7 77. Bg5 Nf2 78. Ke3
Ng4+ 79. Kf4 Nf2 80. Bc4 Ng4 81. Be6 Nf2 82. Ke3 Nd1+ 83. Kf3 Nc3 84. Bd2 Nb5
85. Bc4 Nd6 86. Bc3+ Kh6 87. Be6 Nb5 88. Be5 Na3 89. Bb3 Nb1 90. Ke3 g5 91. Bb2
gxh4 92. gxh4 Kg6 93. Bc2+ Kh6 94. Kd3 Nd2 95. Bc1 1-0

[Event "Lichtenrader Herbst 2016"]
[Site "Berlin-Lichtenrade"]
[Date "2016.10.28"]
[Round "7.73"]
[White "Chojnowski, Marcin"]
[Black "Kasparov, Sergey"]
[Result "0-1"]
[WhiteElo "2012"]
[BlackElo "2470"]
[PlyCount "70"]
[EventDate "2016.??.??"]
[WhiteTeam "Cross Warszawa"]

1. e4 d5 2. exd5 Qxd5 3. Nc3 Qd6 4. d4 Nf6 5. Nf3 c6 6. h3 Bf5 7. Ne5 Nbd7 8.
Nc4 Qc7 9. Qf3 Be6 10. Bf4 Qd8 11. O-O-O Nb6 12. d5 Nbxd5 13. Ne3 Qb6 14. Nexd5
Nxd5 15. Rxd5 Bxd5 16. Nxd5 cxd5 17. Qxd5 a6 18. Bc4 e6 19. Qe5 Qc5 20. Qe4 Qc6
21. Qe2 Rc8 22. Bb3 Bd6 23. Be3 O-O 24. Qg4 Rfe8 25. h4 Bc5 26. Bh6 Bf8 27. h5
Qc5 28. Be3 Qb4 29. Qg5 h6 30. Qg3 Bd6 31. Qf3 Bc5 32. Bd2 Qd4 33. Be3 Qe5 34.
Bf4 Qf6 35. Qg3 Bd4 0-1

[Event "Lichtenrader Herbst 2016"]
[Site "Berlin-Lichtenrade"]
[Date "2016.10.29"]
[Round "8.1"]
[White "Teske, Henrik"]
[Black "Chatalbashev, Boris"]
[Result "1/2-1/2"]
[WhiteElo "2482"]
[BlackElo "2534"]
[PlyCount "90"]
[EventDate "2016.??.??"]
[WhiteTeam "SV Empor Erfurt"]
[BlackTeam "SV Würselen"]

1. d4 Nf6 2. Nf3 g6 3. Bf4 Bg7 4. Nbd2 c5 5. e3 cxd4 6. exd4 Nc6 7. c3 O-O 8.
Be2 d6 9. O-O Nd5 10. Bg3 e5 11. Bc4 Nb6 12. dxe5 dxe5 13. Bb5 Bg4 14. h3 Bxf3
15. Nxf3 e4 16. Nd2 f5 17. Qe2 Qg5 18. Rad1 Rae8 19. Bd6 Rf6 20. f4 Qh5 21.
Qxh5 gxh5 22. Nc4 e3 23. Nxb6 e2 24. Bc4+ Kh8 25. Bxe2 Rxe2 26. Nc4 Rfe6 27.
Rf2 R2e4 28. Ne5 Nxe5 29. fxe5 Bxe5 30. Bxe5+ R6xe5 31. Rd7 Re1+ 32. Kh2 Re7
33. Rd8+ Kg7 34. Rxf5 R1e2 35. Rb5 Rc2 36. a4 b6 37. Rd3 h6 38. b3 Kh7 39. Rg3
h4 40. Rg4 Rxc3 41. Rxh4 Rg7 42. Rg4 Rxg4 43. hxg4 Kg6 44. g3 Rc2+ 45. Kh3 Rb2
1/2-1/2

[Event "Lichtenrader Herbst 2016"]
[Site "Berlin-Lichtenrade"]
[Date "2016.10.29"]
[Round "8.2"]
[White "Roesemann, Rainer"]
[Black "Gabuzyan, Hovhannes"]
[Result "0-1"]
[WhiteElo "2282"]
[BlackElo "2592"]
[PlyCount "66"]
[EventDate "2016.??.??"]
[WhiteTeam "SV Bannewitz"]

1. c4 Nf6 2. g3 c6 3. Nf3 d5 4. Bg2 Bf5 5. cxd5 cxd5 6. Qb3 Nbd7 7. d4 Qb6 8.
Qxb6 Nxb6 9. Nc3 a6 10. O-O e6 11. Bf4 h6 12. Bc7 Nc4 13. b3 Na3 14. Rac1 Rc8
15. Be5 Nc2 16. Nb1 Be7 17. Ne1 O-O 18. Nxc2 Bxc2 19. Bxf6 Bxf6 20. e3 Be7 21.
f4 Rc6 22. Rf2 Rfc8 23. Nd2 Ba3 24. Re1 Bd3 25. Bf1 Bf5 26. e4 dxe4 27. Nxe4
Bb4 28. Re3 Rc1 29. Nd2 Bxd2 30. Rxd2 Bh3 31. Rf3 R8c3 32. Rdf2 Rxf3 33. Rxf3
h5 0-1

[Event "Lichtenrader Herbst 2016"]
[Site "Berlin-Lichtenrade"]
[Date "2016.10.29"]
[Round "8.4"]
[White "Kovalev, Andrei"]
[Black "Bruedigam, Martin"]
[Result "1/2-1/2"]
[WhiteElo "2506"]
[BlackElo "2408"]
[PlyCount "93"]
[EventDate "2016.??.??"]
[BlackTeam "SK König Tegel"]

1. e4 e5 2. Nf3 Nc6 3. Bb5 a6 4. Ba4 Nf6 5. O-O Be7 6. Re1 b5 7. Bb3 d6 8. c3
O-O 9. h3 Na5 10. Bc2 c5 11. d4 Qc7 12. d5 Bd7 13. b3 Nb7 14. Nbd2 g6 15. Nf1
Nh5 16. Bh6 Ng7 17. Qd2 f6 18. a4 Rfb8 19. g4 Nd8 20. Ng3 Nf7 21. Be3 Kh8 22.
Bd3 Rg8 23. Kh2 Qb7 24. Qe2 Rab8 25. Reb1 Qc8 26. axb5 axb5 27. Ra7 Bd8 28.
Rba1 Bb6 29. R7a6 f5 30. gxf5 gxf5 31. exf5 Nxf5 32. Bxb5 Nxg3 33. fxg3 Bxh3
34. Nd2 Rg7 35. Ne4 Bf5 36. Bd3 c4 37. bxc4 Bxe3 38. Qxe3 Bxe4 39. Bxe4 Qxc4
40. Ra8 Rxa8 41. Rxa8+ Rg8 42. Ra1 Ng5 43. Bg2 Qg4 44. Qf2 Qh5+ 45. Kg1 Qg6 46.
Kh2 Qh5+ 47. Kg1 1/2-1/2

[Event "Lichtenrader Herbst 2016"]
[Site "Berlin-Lichtenrade"]
[Date "2016.10.29"]
[Round "8.5"]
[White "Heinig, Wolfram"]
[Black "Karpatchev, Aleksandr"]
[Result "1-0"]
[WhiteElo "2277"]
[BlackElo "2463"]
[PlyCount "93"]
[EventDate "2016.??.??"]
[WhiteTeam "SK Zehlendorf e.V."]
[BlackTeam "SF Bad Mergentheim"]

1. Nf3 d5 2. c4 d4 3. b4 c5 4. e3 dxe3 5. fxe3 cxb4 6. d4 Nf6 7. Bd3 g6 8. O-O
Bg7 9. a3 bxa3 10. Bxa3 O-O 11. Nc3 Nc6 12. Qe1 Bg4 13. Qh4 Bxf3 14. Rxf3 Ne5
15. Rh3 h6 16. dxe5 Qxd3 17. exf6 Qxc3 18. Rf1 exf6 19. Bxf8 Rxf8 20. Qd4 Qa5
21. Ra1 Qb4 22. Qxa7 f5 23. Qa4 Qc5 24. Rb1 Rd8 25. Qb5 Qa7 26. Rf3 f4 27. Qxb7
Rd1+ 28. Rf1 Rxf1+ 29. Kxf1 Qxe3 30. Qf3 Qd4 31. Qd5 Qc3 32. Rd1 Be5 33. h3 Kg7
34. c5 g5 35. c6 h5 36. Rd3 Qa1+ 37. Rd1 Qa6+ 38. Kg1 Qb6+ 39. Kh1 Bf6 40. Qd7
f3 41. gxf3 Qf2 42. Qf5 Qh4 43. c7 g4 44. c8=Q Qxh3+ 45. Kg1 Qg3+ 46. Kf1 gxf3
47. Qh3 1-0

[Event "Lichtenrader Herbst 2016"]
[Site "Berlin-Lichtenrade"]
[Date "2016.10.29"]
[Round "8.7"]
[White "Kasparov, Sergey"]
[Black "Terhorst, Jochen"]
[Result "1-0"]
[WhiteElo "2470"]
[BlackElo "2184"]
[PlyCount "67"]
[EventDate "2016.??.??"]
[BlackTeam "SC Wittlich 1947"]

1. e4 d6 2. d4 Nf6 3. Nc3 e5 4. Nge2 Nbd7 5. g3 g6 6. Bg2 h5 7. h3 c6 8. a4 a5
9. Be3 Qc7 10. f4 Bg7 11. O-O O-O 12. Qd2 Re8 13. Rad1 Nb6 14. b3 exd4 15. Bxd4
d5 16. e5 Nh7 17. Qe3 Nd7 18. Qf3 f6 19. Nxd5 cxd5 20. Qxd5+ Kf8 21. e6 Nb8 22.
Bc5+ Kg8 23. e7+ Kh8 24. Bd6 Qb6+ 25. Kh2 Nc6 26. f5 Bxf5 27. Rxf5 gxf5 28. Nf4
Ng5 29. Ng6+ Kh7 30. Qxf5 Kh6 31. h4 Nd4 32. Rxd4 Qxd4 33. Nf4 Nf3+ 34. Bxf3
1-0

[Event "Lichtenrader Herbst 2016"]
[Site "Berlin-Lichtenrade"]
[Date "2016.10.29"]
[Round "8.8"]
[White "Ahmadinia, Ebrahim"]
[Black "Heerde, Thomas"]
[Result "1-0"]
[WhiteElo "2370"]
[BlackElo "2044"]
[PlyCount "57"]
[EventDate "2016.??.??"]
[WhiteTeam "SF Berlin 1903 e.V."]
[BlackTeam "SC Weisse Dame (Berlin)"]

1. e4 c5 2. Nf3 g6 3. c3 Bg7 4. d4 Qc7 5. h3 b6 6. Be3 Bb7 7. Bd3 Nf6 8. Nbd2
O-O 9. O-O d6 10. a4 a6 11. Qe2 e5 12. Rfc1 Re8 13. dxe5 dxe5 14. b4 Nbd7 15.
a5 b5 16. c4 Bc6 17. cxb5 axb5 18. Bxb5 Bxb5 19. Qxb5 Bf8 20. Qa4 Qb7 21. bxc5
Qa6 22. c6 Nb8 23. Bg5 Re6 24. Bxf6 Nxc6 25. Bg5 Nxa5 26. Nc4 Nxc4 27. Rxc4
Qxc4 28. Qxa8 h6 29. Bxh6 1-0

[Event "Lichtenrader Herbst 2016"]
[Site "Berlin-Lichtenrade"]
[Date "2016.10.29"]
[Round "8.9"]
[White "Glantz, Robert"]
[Black "Rettore, Ludwig"]
[Result "0-1"]
[WhiteElo "2340"]
[BlackElo "2087"]
[PlyCount "76"]
[EventDate "2016.??.??"]
[WhiteTeam "SC Kreuzberg e.V."]
[BlackTeam "Il Castelletto"]

1. e4 c5 2. Nf3 e6 3. d4 cxd4 4. Nxd4 Nc6 5. Nc3 d6 6. Be3 Nf6 7. Be2 Be7 8.
Qd2 a6 9. f4 O-O 10. O-O-O Qc7 11. g4 Na5 12. g5 Nd7 13. Rhg1 b5 14. Nf5 exf5
15. Nd5 Qd8 16. Nxe7+ Qxe7 17. Qxa5 Qxe4 18. Rg3 Nc5 19. Qc7 Be6 20. Qxd6 Rac8
21. Bxc5 Qxe2 22. b3 Rfe8 23. Rgd3 a5 24. Kb2 a4 25. R1d2 Qe4 26. Re3 a3+ 27.
Kc1 Qh1+ 28. Rd1 Qxh2 29. Rc3 Qg2 30. Bd4 Qe4 31. Rxc8 Rxc8 32. Bc5 h5 33. gxh6
gxh6 34. b4 Kh7 35. Rg1 Rg8 36. Rd1 Rg2 37. Rd2 Qe1+ 38. Rd1 Qc3 0-1

[Event "Lichtenrader Herbst 2016"]
[Site "Berlin-Lichtenrade"]
[Date "2016.10.29"]
[Round "8.10"]
[White "Giemsa, Stephan"]
[Black "Zschaebitz, Klaus"]
[Result "1-0"]
[WhiteElo "2270"]
[BlackElo "2063"]
[PlyCount "83"]
[EventDate "2016.??.??"]
[WhiteTeam "SK König Tegel 1949 e.V."]
[BlackTeam "BSG 1827 Eckbauer e.V."]

1. d4 Nf6 2. c4 e6 3. g3 d5 4. Nf3 dxc4 5. Bg2 Bb4+ 6. Bd2 a5 7. Qc2 Bxd2+ 8.
Qxd2 c6 9. a4 Ne4 10. Qc2 Nd6 11. Nbd2 Na6 12. Nxc4 Nb4 13. Nxd6+ Qxd6 14. Qd2
O-O 15. O-O Re8 16. Rfd1 Bd7 17. Ne5 f6 18. Nc4 Qe7 19. e4 c5 20. dxc5 Rad8 21.
Qd6 Bxa4 22. Qxe7 Rxd1+ 23. Rxd1 Rxe7 24. Rd8+ Re8 25. Rxe8+ Bxe8 26. Nxa5 Bc6
27. e5 fxe5 28. Nxb7 Bd5 29. Nd6 Kf8 30. Bf1 Ke7 31. Bb5 e4 32. Kf1 Kd8 33. Ke2
e5 34. Kd2 Kc7 35. Ne8+ Kb7 36. Nxg7 Bc6 37. Bc4 Bd7 38. Kc3 Nc6 39. Bd5 Kc7
40. Bxe4 h6 41. Nf5 Bxf5 42. Bxf5 1-0

[Event "Lichtenrader Herbst 2016"]
[Site "Berlin-Lichtenrade"]
[Date "2016.10.29"]
[Round "8.11"]
[White "Feil, Stephan"]
[Black "Gruzmann, Boris"]
[Result "1-0"]
[WhiteElo "2140"]
[BlackElo "2253"]
[PlyCount "59"]
[EventDate "2016.??.??"]
[WhiteTeam "SK 1962 Ladenburg"]
[BlackTeam "Lübecker SV"]

1. e4 c5 2. Nf3 d6 3. Bb5+ Bd7 4. Bxd7+ Qxd7 5. O-O Nc6 6. Qe2 g6 7. Rd1 Bg7 8.
c3 e5 9. Na3 O-O-O 10. d4 exd4 11. cxd4 Bxd4 12. Nb5 Re8 13. Bf4 Re6 14. Rac1
Kd8 15. Nfxd4 cxd4 16. Nxd4 Nxd4 17. Rxd4 Ne7 18. Bxd6 Rxd6 19. Rxd6 Qxd6 20.
Rd1 Qxd1+ 21. Qxd1+ Kc7 22. Qb3 Rd8 23. f4 f5 24. Qc4+ Nc6 25. e5 Rd1+ 26. Kf2
Rd2+ 27. Kf1 Rxb2 28. Qf7+ Kb6 29. e6 Rxa2 30. e7 1-0

[Event "Lichtenrader Herbst 2016"]
[Site "Berlin-Lichtenrade"]
[Date "2016.10.29"]
[Round "8.12"]
[White "Gelemerov, Yane"]
[Black "Schnabel, Ralf"]
[Result "0-1"]
[WhiteElo "2026"]
[BlackElo "2234"]
[PlyCount "120"]
[EventDate "2016.??.??"]
[WhiteTeam "Krakra Pernishki"]
[BlackTeam "ESV Nickelhütte Aue"]

1. e4 Nf6 2. Nc3 d5 3. e5 Ne4 4. Nce2 Nc5 5. d4 Ne6 6. f4 g6 7. Ng3 Ng7 8. Bd3
h5 9. h4 Bg4 10. Nf3 e6 11. Be3 Be7 12. Bf2 Bxh4 13. Be2 Be7 14. Qd2 Nc6 15.
O-O-O Qd7 16. Ng5 Bxe2 17. Nxe2 Bxg5 18. fxg5 O-O-O 19. b3 Nf5 20. g3 Qe7 21.
Kb2 Kb8 22. a3 Ka8 23. Ka2 Nb8 24. Rb1 b6 25. Qf4 c6 26. c4 Qb7 27. Rhc1 Rc8
28. Nc3 Rhd8 29. Na4 Qa6 30. Rb2 Rd7 31. c5 Rdc7 32. Be1 Nd7 33. Bb4 Qd3 34.
cxb6 axb6 35. g4 hxg4 36. Rd2 Qf3 37. Qh2 g3 38. Qh7 Ne3 39. Bd6 g2 40. Rg1 Kb7
41. Bxc7 Rxc7 42. Qh4 c5 43. Nb2 Qf1 44. Qe1 cxd4 45. Kb1 Nxe5 46. Rf2 Qxe1+
47. Rxe1 N5g4 48. Rd2 e5 49. Nd3 Re7 50. Rg1 Kc6 51. Ne1 Kd6 52. Nxg2 Nxg2 53.
Rgxg2 Ne3 54. Rgf2 Nf5 55. Ra2 e4 56. a4 e3 57. Rf1 d3 58. Kc1 Rc7+ 59. Kb1 d2
60. Rg1 Nd4 0-1

[Event "Lichtenrader Herbst 2016"]
[Site "Berlin-Lichtenrade"]
[Date "2016.10.29"]
[Round "8.13"]
[White "Krefenstein, Sergej"]
[Black "Schnabel, Bennett"]
[Result "1-0"]
[WhiteElo "2176"]
[BlackElo "1948"]
[PlyCount "65"]
[EventDate "2016.??.??"]
[WhiteTeam "TuS Makkabi Berlin"]
[BlackTeam "SV Mattnetz Berlin"]

1. c4 f5 2. g3 Nf6 3. Bg2 g6 4. Nc3 Bg7 5. d3 O-O 6. e4 d6 7. exf5 gxf5 8. Nge2
e5 9. Bg5 c6 10. O-O Na6 11. Qd2 Be6 12. f4 Qb6+ 13. Kh1 Ng4 14. fxe5 dxe5 15.
h3 Nf6 16. Bh6 Rad8 17. Bxg7 Kxg7 18. Rad1 h6 19. b3 Rd7 20. d4 Rfd8 21. Qe3 e4
22. g4 fxg4 23. Nxe4 Nxe4 24. Bxe4 c5 25. d5 Bf7 26. Rg1 h5 27. Qg5+ Bg6 28.
Nf4 Rd6 29. hxg4 Kf7 30. Nxg6 Rxg6 31. Bxg6+ Qxg6 32. Rgf1+ Kg7 33. Qe7+ 1-0

[Event "Lichtenrader Herbst 2016"]
[Site "Berlin-Lichtenrade"]
[Date "2016.10.29"]
[Round "8.15"]
[White "Triebus, Bruno"]
[Black "Sliwicka, Alicja"]
[Result "0-1"]
[WhiteElo "1969"]
[BlackElo "2144"]
[PlyCount "96"]
[EventDate "2016.??.??"]
[WhiteTeam "SC Schwarz-Weiß Lichtenrade e.V."]
[BlackTeam "UKS OPP TORUN"]

1. e4 c5 2. Nf3 e6 3. d4 cxd4 4. Nxd4 a6 5. Nc3 Qc7 6. Bd3 Nf6 7. O-O Be7 8.
Be3 d6 9. f4 Nbd7 10. f5 Ne5 11. Kh1 O-O 12. Nce2 Nxd3 13. cxd3 e5 14. Nb3 d5
15. Rc1 Qd7 16. Nc5 Qb5 17. a4 Qa5 18. Bd2 Qb6 19. a5 Qb5 20. d4 Nxe4 21. Nxe4
dxe4 22. dxe5 Qxe5 23. Bc3 Qd6 24. Qc2 Qd3 25. Ng3 Bd7 26. Bxg7 Qxc2 27. Rxc2
Kxg7 28. f6+ Bxf6 29. Nh5+ Kh8 30. Nxf6 Bb5 31. Re1 Rac8 32. Rxc8 Rxc8 33. h3
Bd3 34. Kg1 Rc6 35. Nd5 Rc5 36. Nb4 Rxa5 37. Nxd3 exd3 38. Rd1 Rb5 39. Rd2 Kg7
40. Kf2 Kf6 41. Ke3 Re5+ 42. Kd4 Re2 43. Rxd3 Rxb2 44. Kc3 Rxg2 45. Rd6+ Kg7
46. Rb6 Rg3+ 47. Kd4 Rxh3 48. Rxb7 Ra3 0-1

[Event "Lichtenrader Herbst 2016"]
[Site "Berlin-Lichtenrade"]
[Date "2016.10.29"]
[Round "8.17"]
[White "Arndt, Uwe"]
[Black "Hincu, Olga"]
[Result "0-1"]
[WhiteElo "1995"]
[BlackElo "2122"]
[PlyCount "48"]
[EventDate "2016.??.??"]
[WhiteTeam "BSV 63 Chemie Weißensee"]

1. d4 d5 2. c4 e6 3. Nc3 Nf6 4. Bg5 Bb4 5. cxd5 exd5 6. Qc2 O-O 7. e3 c5 8. Nf3
h6 9. Bh4 c4 10. Be2 Nc6 11. O-O Bxc3 12. Bxf6 Qxf6 13. Qxc3 b5 14. a3 Re8 15.
b3 Bf5 16. bxc4 bxc4 17. Bd1 Be4 18. Nd2 Bd3 19. Re1 Nxd4 20. Rc1 Qb6 21. Nxc4
dxc4 22. exd4 Qxd4 23. Rxe8+ Rxe8 24. Qb4 Qb2 0-1

[Event "Lichtenrader Herbst 2016"]
[Site "Berlin-Lichtenrade"]
[Date "2016.10.29"]
[Round "8.19"]
[White "Kreutz, Jonas"]
[Black "Welz, Peter"]
[Result "1-0"]
[WhiteElo "1722"]
[BlackElo "2085"]
[PlyCount "69"]
[EventDate "2016.??.??"]
[WhiteTeam "SV Königsjäger Süd-West e.V."]
[BlackTeam "SV Empor Berlin e.V."]

1. e4 e6 2. d4 d5 3. Nc3 Bb4 4. a3 Bxc3+ 5. bxc3 dxe4 6. Qg4 Nf6 7. Qxg7 Rg8 8.
Qh6 Rg6 9. Qd2 b6 10. Ne2 Bb7 11. a4 a5 12. Nf4 Rg8 13. Bb5+ Nc6 14. c4 Nd7 15.
d5 exd5 16. Bxc6 Bxc6 17. cxd5 Bb7 18. Qd4 Qf6 19. Be3 O-O-O 20. O-O Qf5 21. c4
Rg4 22. g3 Ne5 23. Qc3 Nf3+ 24. Kh1 Rd6 25. c5 Rh6 26. Qh8+ Kd7 27. c6+ Ke7 28.
d6+ cxd6 29. Nd5+ Qxd5 30. Bxh6 e3 31. cxb7 Nd2+ 32. f3 Nxf1 33. Qf8+ Kf6 34.
Qd8+ Ke5 35. Qe7+ 1-0

[Event "Lichtenrader Herbst 2016"]
[Site "Berlin-Lichtenrade"]
[Date "2016.10.29"]
[Round "8.20"]
[White "Dathe, Frederick"]
[Black "Llopis de Aysa, Manuel"]
[Result "1/2-1/2"]
[WhiteElo "1909"]
[BlackElo "2023"]
[PlyCount "64"]
[EventDate "2016.??.??"]
[WhiteTeam "SC Kreuzberg"]
[BlackTeam "La Tour Aycelin"]

1. Nf3 g6 2. g3 Bg7 3. Bg2 d6 4. d3 e5 5. e4 Ne7 6. O-O O-O 7. Nfd2 f5 8. f4
Nec6 9. Nc3 Nd4 10. Nf3 fxe4 11. dxe4 Bg4 12. Qd3 Nxf3+ 13. Bxf3 Be6 14. Be3
Qd7 15. Bg2 Kh8 16. fxe5 Bxe5 17. Bd4 Nc6 18. Be3 Bg7 19. Bf4 Rf7 20. Nd5 Raf8
21. c3 Bh3 22. Rae1 h6 23. b4 Bxg2 24. Kxg2 g5 25. b5 Ne7 26. Be3 Nxd5 27. exd5
Rxf1 28. Rxf1 Rxf1 29. Kxf1 Qf7+ 30. Kg2 b6 31. c4 Qf6 32. Qe4 Qf7 1/2-1/2

[Event "Lichtenrader Herbst 2016"]
[Site "Berlin-Lichtenrade"]
[Date "2016.10.29"]
[Round "8.21"]
[White "Richter, Goetz"]
[Black "Noetzel, Felix"]
[Result "1/2-1/2"]
[WhiteElo "1999"]
[BlackElo "2209"]
[PlyCount "114"]
[EventDate "2016.??.??"]
[WhiteTeam "Klub Kölner SF"]
[BlackTeam "SF 1903 Berlin"]

1. d4 Nf6 2. c4 e5 3. dxe5 Ne4 4. Nf3 Nc6 5. a3 d6 6. Qc2 Nc5 7. b4 Ne6 8. Bb2
dxe5 9. e3 f6 10. Nc3 a5 11. b5 Nb8 12. Bd3 Nc5 13. Bxh7 Rxh7 14. Qg6+ Ke7 15.
Nd5+ Qxd5 16. cxd5 Rh6 17. Qc2 Kf7 18. O-O Bd6 19. e4 Bg4 20. Nd2 Be2 21. Rfe1
Bd3 22. Qd1 Bxb5 23. Re3 Nbd7 24. a4 Ba6 25. Qc2 Rah8 26. h3 g5 27. Raa3 b6 28.
Rac3 Nf8 29. Ba3 Ng6 30. Bxc5 Bxc5 31. Rxc5 bxc5 32. Qxc5 Nf4 33. Qxa5 Bc8 34.
Rc3 Ne2+ 35. Kf1 Nxc3 36. Qxc3 Ba6+ 37. Ke1 g4 38. Qxc7+ Kg6 39. Nc4 Rc8 40.
Nxe5+ fxe5 41. Qxe5 gxh3 42. gxh3 Kf7 43. d6 Re8 44. Qf5+ Rf6 45. Qh5+ Kf8 46.
Qd5 Bc8 47. e5 Rf7 48. h4 Be6 49. Qd4 Rc8 50. a5 Rc2 51. Qb6 Kg7 52. Qd8 Rfxf2
53. Qg5+ Kh7 54. Qe7+ Bf7 55. d7 Rce2+ 56. Kd1 Rd2+ 57. Ke1 Rde2+ 1/2-1/2

[Event "Lichtenrader Herbst 2016"]
[Site "Berlin-Lichtenrade"]
[Date "2016.10.29"]
[Round "8.22"]
[White "Jaeger, Andre"]
[Black "Heuer, Thomas"]
[Result "1/2-1/2"]
[WhiteElo "1964"]
[BlackElo "2127"]
[PlyCount "34"]
[EventDate "2016.??.??"]
[WhiteTeam "SC Rochade (Berlin)"]
[BlackTeam "TSG Neuruppin"]

1. d4 d5 2. c4 e6 3. Nc3 Be7 4. cxd5 exd5 5. Bf4 c6 6. Qc2 g6 7. e3 Bf5 8. Qd2
Nf6 9. h3 Nbd7 10. g4 Be6 11. Bg2 O-O 12. Nge2 Re8 13. O-O Nb6 14. b3 a5 15. a4
Nc8 16. f3 h5 17. g5 Nh7 1/2-1/2

[Event "Lichtenrader Herbst 2016"]
[Site "Berlin-Lichtenrade"]
[Date "2016.10.29"]
[Round "8.23"]
[White "Scheide, Helmut"]
[Black "Koenig, Falk"]
[Result "0-1"]
[WhiteElo "1955"]
[BlackElo "2037"]
[PlyCount "66"]
[EventDate "2016.??.??"]
[WhiteTeam "USV Potsdam e.V., Abt. Schach"]
[BlackTeam "SF Vonkeln 1931"]

1. Nf3 c5 2. c4 Nf6 3. e3 Nc6 4. d4 cxd4 5. exd4 d5 6. Nc3 e6 7. Bg5 Be7 8. a3
O-O 9. Bd3 dxc4 10. Bxc4 b6 11. O-O Bb7 12. Re1 Rc8 13. Ba2 Rc7 14. Bb1 Rd7 15.
Qc2 g6 16. Bh6 Re8 17. Be3 Nd5 18. Nxd5 Rxd5 19. Ba2 Rd6 20. Rad1 Bf6 21. Qa4
a6 22. Rd2 b5 23. Qd1 Ne7 24. Ng5 Nf5 25. Nf3 Qa8 26. Ne5 Bxg2 27. Ng4 Bg7 28.
Ne5 Nh4 29. f3 Bxf3 30. Qc1 Bh1 31. Bg5 Bxe5 32. Bxh4 Bxd4+ 33. Kf1 Qf3+ 0-1